000 00222nam a22000857a 4500
008 160915b xxu||||| |||| 00| 0 eng d
100 _9500
_aAggarwal.M.L
245 _aMathematics-Q.B
260 _aNew Delhi
_bAPC Publications
_c2011
999 _c3157
_d3157